Goodwill's Advanced Writing Skills/ (Record no. 194159)

MARC details
000 -LEADER
fixed length control field 00824nam a22001937a 4500
005 - DATE AND TIME OF LATEST TRANSACTION
control field 20230320165142.0
010 ## - LCCN (DPL NO)
LC control number B-746238-245 E.N.A./7.11.22
020 ## - INTERNATIONAL STANDARD BOOK NUMBER
International Standard Book Number 9788172455385
Terms of availability 395.00
035 ## - SYSTEM CONTROL NUMBER
System control number B-746238-245
037 ## - SOURCE OF ACQUISITION
Source of stock number/acquisition Goodwill Publishing House
082 ## - DEWEY DECIMAL CLASSIFICATION NUMBER
Classification number 485
100 ## - MAIN ENTRY--PERSONAL NAME
Personal name Paul, D.S.
245 ## - TITLE STATEMENT
Title Goodwill's Advanced Writing Skills/
Statement of responsibility, etc D.S. Paul
260 ## - PUBLICATION, DISTRIBUTION, ETC. (IMPRINT)
Place of publication, distribution, etc New Delhi
Name of publisher, distributor, etc Goodwill Publishing House
270 ## - ADDRESS
Address B-3 Rattan Jyoti Building ,18 Rajendra Place
City New Delhi
Postal code 110008
Electronic mail address goodwillpub@gmail.com
Telephone number 01125750801
300 ## - PHYSICAL DESCRIPTION
Extent 344p.
Dimensions 28cm(pbk)
942 ## - ADDED ENTRY ELEMENTS (KOHA)
Source of classification or shelving scheme Dewey Decimal Classification
Item type English Books
Call number suffix PAU
Classification part 485
Holdings
Withdrawn status Lost status Not for loan Collection code Home library Current library Date acquired Source of acquisition Cost, normal purchase price Full call number Barcode Copy number Cost, replacement price Koha item type
      Non-fiction Ashok Vihar Ashok Vihar 20/03/2023 Goodwill Pub. House/2946/29.11.22/167/23.11.22/30.11.22 395.00 485 PAU B-746239 1 395.00 English Books
      Non-fiction Bawana Bawana 20/03/2023 Goodwill Pub. House/2946/29.11.22/167/23.11.22/30.11.22 395.00 485 PAU B-746244 1 395.00 English Books
      Non-fiction Central Library Central Library 20/03/2023 Goodwill Pub. House/2946/29.11.22/167/23.11.22/30.11.22 395.00 485 PAU B-746238 1 395.00 English Books
      Non-fiction Janak Puri Janak Puri 20/03/2023 Goodwill Pub. House/2946/29.11.22/167/23.11.22/30.11.22 395.00 485 PAU B-746241 1 395.00 English Books
      Non-fiction Narela Narela 20/03/2023 Goodwill Pub. House/2946/29.11.22/167/23.11.22/30.11.22 395.00 485 PAU B-746243 1 395.00 English Books
      Non-fiction Patel Nagar Patel Nagar 20/03/2023 Goodwill Pub. House/2946/29.11.22/167/23.11.22/30.11.22 395.00 485 PAU B-746240 1 395.00 English Books
      Non-fiction Sarojini Nagar Sarojini Nagar 20/03/2023 Goodwill Pub. House/2946/29.11.22/167/23.11.22/30.11.22 395.00 485 PAU B-746242 1 395.00 English Books
      Non-fiction Shahdara Branch Shahdara Branch 20/03/2023 Goodwill Pub. House/2946/29.11.22/167/23.11.22/30.11.22 395.00 485 PAU B-746245 1 395.00 English Books

© Delhi Public Library
Hit Counter
free hit counter